Systém na automatickú správu a hodnotenie zraniteľností počítačového systému

Gespeichert in:
Bibliographische Detailangaben
1. Verfasser: Kapusta, Andrej (Verfasst von)
Weitere Verfasser: Hudec, Ladislav (Betreuung Doktorarbeit)
Format: Manuskript Buch
Sprache:Slowakisch
Veröffentlicht: 2015
Schlagworte:
Online-Zugang:http://is.stuba.sk/zp/portal_zp.pl?podrobnosti=97129
Tags: Tag hinzufügen
Keine Tags, Fügen Sie das erste Tag hinzu!

MARC

LEADER 00000ntm a22000003a 4500
001 stuzp53607
003 SK-STU
005 20160719154523.9
007 ta
008 150427s2015----xo-----f-mn---000-0-slo-d
040 |a STU  |b slo 
041 0 |a slo 
044 |a xo 
100 1 |a Kapusta, Andrej  |u 070300  |4 aut  |U FIIT Fakulta informatiky a informačných technológií  |T FIIT Ústav aplikovanej informatiky  |X 52541  |U I300  |Y 180  |7 52541 
242 0 1 |a System for the automativ management and vulnerability assessment of computer system  |y eng 
245 1 0 |a Systém na automatickú správu a hodnotenie zraniteľností počítačového systému 
260 |c 2015 
300 |a 57 s.  |e CD-ROM 
650 4 |a zraniteľnosť  |2 slo 
650 4 |a detekcia  |2 slo 
650 4 |a bezpečnosť  |2 slo 
650 4 |a vulnerability  |2 eng 
650 4 |a detection  |2 eng 
650 4 |a security  |2 eng 
700 1 |a Hudec, Ladislav  |4 ths  |X 2081  |7 2081 
856 4 |u http://is.stuba.sk/zp/portal_zp.pl?podrobnosti=97129 
996 |b 284IB00029  |c I* BAP29/15  |l II680  |s P  |a 0  |w stuzp53607_0001 
SQL |a stuzp53607  |b DBP  |c SLO  |d Systém na automatickú správu a hodnotenie zraniteľností počítačového systému  |e 52541  |f Kapusta, Andrej  |g 070300  |h 2081  |i Hudec, Ladislav  |j 20150616  |k 661  |l 07  |m http://is.stuba.sk/zp/portal_zp.pl?podrobnosti=97129  |n B-PKSS  |o 9.2.4. počítačové inžinierstvo